000 00885nam a2200241Ia 4500
003 OSt
005 20220930195018.0
006 a|||||r|||| 00| 0
007 ta
008 220926b |||||||| |||| 00| 0 eng d
024 _a13616
037 _cDissertations
040 _aCRL
_cCRL
_beng
041 _2eng
_aeng
100 _aAgarwal Vivechana
_9563825
110 _aUniversity of Delhi. Faculty of Inter-disciplinary and applied sciences. Department of Electronic Science
_9522757
245 0 _aInvestigations of transport and optical properties of porous silicon. (Supervisor
_b Mathur, P.C. and Mehra, R.M.)
260 _c1997
650 _aELECTRICAL ENGINEERING
700 _aUniversity of Delhi. Faculty of Inter-disciplinary and applied sciences. Department of Electronic Science
_9522758
942 _cDIS
_2CC
999 _c898479
_d898479